Brawl Stars - Tout les brawlers - Statistiques

Statistiques générales
  • Ce quiz a été pris 44 fois
    6 depuis la dernière actualisation
  • Le résultat moyen est 70 sur 98
Statistiques - réponses
Brawler % Correct
Ambre
100%
A.R.K.A.D.
100%
Brock
100%
Bull
100%
Buzz
100%
Buzz l'éclair
100%
Chester
100%
Colt
100%
Corbac
100%
Cordelius
100%
Draco
100%
Dynamike
100%
El Costo
100%
Eliz@
100%
Emeri
100%
Frank
100%
Jessie
100%
Kaze
100%
Léon
100%
Mortis
100%
Penny
100%
Poco
100%
Ricochet
100%
Rosa
100%
Shelly
100%
Spike
100%
Surge
100%
Tick
100%
Bartaba
80%
Béa
80%
Belle
80%
Berry
80%
Billie
80%
Bo
80%
Carl
80%
Colette
80%
Darryl
80%
Gaël
80%
Griff
80%
Jacky
80%
Kenji
80%
Maisie
80%
Mandy
80%
Max
80%
Meg
80%
Moe
80%
Monsieur M.
80%
Nita
80%
Polly
80%
Tara
80%
Willow
80%
Angelo
60%
Bonnie
60%
Buster
60%
Byron
60%
Charlie
60%
Chuck
60%
D'jinn
60%
Doug
60%
Edgar
60%
Fang
60%
Gigi
60%
Gray
60%
Grom
60%
Gus
60%
Hank
60%
Jae-Yong
60%
Janet
60%
Kit
60%
Larry & Lawrie
60%
Lily
60%
Lou
60%
Lumi
60%
Meeple
60%
Melody
60%
Nani
60%
Pearl
60%
Shade
60%
Trunk
60%
Wally
60%
Ziggy
60%
Alli
40%
Ash
40%
Clancy
40%
Eve
40%
Juju
40%
Mico
40%
Mina
40%
Ollie
40%
Otis
40%
Pam
40%
Sam
40%
Squeak
40%
Stu
40%
Finx
20%
Lola
20%
Médor
20%
R-T
20%
Aucun quiz correspondant
Distribution des résultats
% des personnes avec chaque résultat
Percentile par nombre de réponses
Votre historique - résultats
Vous n’avez pas pris ce quiz depuis la dernière actualisation